00429 a2200145 4500003000400000005001700004008004100021020001800062040000900080082002000089100003200109245011200141260002000253300001000273OSt20231009161219.0231009b |||||||| |||| 00| 0 eng d a9781784877767 coclc a895.6344bMIY/N1 aMiyazawa, Kenji,d1896-1933 aNight train to the stars : band other storiescKenji Miyazawa; translated from the Japanese by John Bester bVintage,c2023. a230 p